| 000 | 00352 a2200157 4500 | ||
|---|---|---|---|
| 001 | 149293 | ||
| 040 | _cEscola São Tomás de Aquino | ||
| 100 | _aAGOSTINHO, Cristina | ||
| 240 | 1 | 0 |
_aPai sem terno e gravata _lpor |
| 245 | 1 | 0 | _aPai sem terno e gravata |
| 300 | _a43 | ||
| 362 | 0 | _a1997 | |
| 440 | 1 | _aModerna | |
| 697 | _aPsicologia | ||
| 942 | _cBK | ||
| 999 |
_c149293 _d149293 |
||